Memorias de un ayudante de Napoleón
সংরক্ষণ করুন:
| প্রধান লেখক: | |
|---|---|
| বিন্যাস: | গ্রন্থ |
| ভাষা: | স্প্যানিশ |
| প্রকাশিত: |
Madrid
Atlas
1943
|
| মালা: | Cisneros, 43
|
| বিষয়গুলি: | |
| ট্যাগগুলো: |
ট্যাগ যুক্ত করুন
কোনো ট্যাগ নেই, প্রথমজন হিসাবে ট্যাগ করুন!
|
MARC
| LEADER | 00000nam a2200000 a 4500 | ||
|---|---|---|---|
| 001 | UCI4293 | ||
| 003 | CL-VaPUC | ||
| 008 | 080111e19430000SP |||||||||||||||||spa|d | ||
| 082 | 0 | 4 | |a 944 |b SEG |2 21 |
| 100 | 0 | |a Segur, Felipe de |e author |9 526106 | |
| 245 | 1 | 0 | |a Memorias de un ayudante de Napoleón |
| 300 | |a v | ||
| 942 | |c BK | ||
| 945 | |d 20080111 00:00:00 |a rbrito | ||
| 260 | |a Madrid |b Atlas |c 1943 | ||
| 500 | |a Donación Padres Capuchinos | ||
| 600 | 0 | 7 | |a NAPOLEON BONAPARTE |2 CL-VaPUC |9 315596 |
| 650 | 0 | |a Historia de Francia |9 336927 | |
| 650 | 7 | |a GUERRAS NAPOLEONICAS |2 CL-VaPUC |9 340406 | |
| 651 | 0 | |a Francia |9 255157 | |
| 583 | |a last modification |c 20080111 00:00:00 |k Rodrigo Vera | ||
| 490 | 0 | |a Cisneros, 43 | |
| 999 | |c 328249 |d 328247 | ||
| 952 | |0 0 |1 0 |4 0 |6 944_000000000000000_SEG_1943 |7 0 |8 X |9 412053 |a FDOBUD |b FDOBUD |d 2019-11-22 |h v.1 |i 4400674 |o 944 SEG 1943 |p 4400674 |r 2019-11-22 |w 2019-11-22 |y BK_X |k BUD | ||
| 952 | |0 0 |1 0 |4 0 |6 944_000000000000000_SEG_1943 |7 0 |8 X |9 412054 |a FDOBUD |b FDOBUD |d 2019-11-22 |h v.2 |i 4437721 |o 944 SEG 1943 |p 4437721 |r 2019-11-22 |w 2019-11-22 |y BK_X |k BUD | ||